[Event "Match"]
[Site "www.echecsemail.com"]
[Date "2015.07.20"]
[Round "1"]
[White "Raulazo"]
[Black "Harrytheking"]
[WhiteElo "1809"]
[BlackElo "1770"]
[Result "0-1"]
[Round "1"]
1.e4 b6
2.Ng1f3 Bc8a6
3.Bf1xa6 Nb8xa6
4.c3 c5
5.Qd1b3 Ng8h6
6.d3 e6
7.Bc1xh6 gxh6
8.Nb1d2 Na6c7
9.d4 Nc7a6
10.O-O-O cxd4
11.Nf3xd4 Na6c5
12.Qb3c2 Bf8g7
13.Nd4f3 O-O
14.h4 a5
15.g4 d6
16.g5 e5
17.gxh6 Bg7xh6
18.Rh1g1 Bh6g7
19.Rg1g3 Kh8
20.Rd1g1 Rf8g8
21.h5 h6
22.Nd2c4 Nc5e6
23.Qc2d2 Ne6f4
24.Rg1h1 Bg7f6
25.a4 Rg8xg3
26.Qd2d1 Qd8c7
27.fxg3 Qc7xc4
28.Nf3d2 Nf4e2
29.Kc2 Ne2d4
30.Kb1 Qc4d3
31.Ka2 Nd4c6
32.Rh1f1 Bf6g5
33.Rf1f2 Qd3xg3
34.Rf2xf7 Bg5f4
35.Nd2c4 Qg3g8
36.Nc4xd6 Ra8d8
37.b3 Bf4e3
38.Rf7f6 Qg8g2
39.Kb1 Rd8d7
40.Nd6f7 Kg7
41.Rf6g6 Qg2xg6
42.Qd1xd7 Qg6g1
43.Ka2 Qg1f2
44.Kb1 Qf2e1
45.Ka2 Nc6b8
46.Qd7f5 Qe1d2
47.Ka3 Be3c5
48.b4 axb4
49.cxb4 Qd2xb4
50.Ka2 Qb4xa4
51.Kb1 Qa4b3
{ resign }
0-1

[Event "Match"]
[Site "www.echecsemail.com"]
[Date "2015.07.20"]
[Round "1"]
[White "Menace"]
[Black "Markos123"]
[WhiteElo "2270"]
[BlackElo "1890"]
[Result "1-0"]
[Round "1"]
1.g3 d5
2.Bf1g2 Ng8f6
3.e3 h5
4.Nb1c3 c6
5.d4 Bc8f5
6.Ng1e2 g6
7.O-O e6
8.a4 a5
9.b3 Bf8b4
10.Bc1b2 Nf6e4
11.Nc3xe4 dxe4
12.d5 exd5
13.Bb2xh8 f6
14.Bh8g7 Qd8e7
15.Bg7h6 g5
16.Ne2d4 Bf5g4
17.f3 exf3
18.Bg2xf3 Qe7xe3
19.Rf1f2 Bb4c5
20.Bf3xg4 Bc5xd4
21.Bg4xh5 Ke7
22.Qd1e1 Nb8d7
23.Kh1 Nd7e5
24.Qe1xe3 Bd4xe3
25.Rf2e2 Be3d4
26.Ra1f1 Ra8h8
27.Bh6g7 Rh8xh5
28.Bg7xf6 Ke6
29.Bf6xe5 Bd4xe5
30.Rf1e1 g4
31.Kg2 Kd6
32.Re1f1 d4
33.Rf1f8 Kc5
34.Rf8g8 Kb4
35.Rg8xg4 b5
36.axb5 cxb5
37.Re2xe5 Rh5xe5
38.Rg4xd4 Ka3
39.Rd4d2 Kb2
40.Rd2f2 b4
41.h4 Re5c5
42.g4 Ka3
43.h5 Rc5c8
44.Kg3 a4
45.bxa4 Kxa4
46.h6 Rc8g8
47.Kh4 Rg8c8
48.g5 b3
49.cxb3 Kxb3
50.h7 Rc8c4
51.Kh5 Rc4c3
52.Rf2h2 Rc3c8
53.g6 Rc8h8
54.Kh6 Kc4
55.g7 Rh8d8
56.g8Q Rd8xg8
57.hxg8Q { resign }
1-0

[Event "Match"]
[Site "www.echecsemail.com"]
[Date "2015.07.20"]
[Round "1"]
[White "F14"]
[Black "Krystek23"]
[WhiteElo "1830"]
[BlackElo "2370"]
[Result "0-1"]
[Round "1"]
1.e4 c5
2.Ng1f3 e6
3.Bf1b5 a6
4.Bb5e2 Qd8c7
5.O-O b6
6.c4 Bc8b7
7.Nb1c3 Ng8f6
8.d4 Nf6xe4
9.Nc3xe4 Bb7xe4
10.Nf3g5 Be4g6
11.b3 cxd4
12.Qd1xd4 Nb8c6
13.Qd4e3 Nc6b4
14.Be2d1 Bf8d6
15.Bd1f3 O-O-O
16.Bf3d1 Bd6xh2
17.Kh1 Bh2e5
18.Qe3f3 f6
19.Qf3a8 Qc7b8
20.Qa8xb8 Kxb8
21.Ng5f3 Be5xa1
22.Bc1a3 Nb4xa2
23.Nf3h4 Ba1e5
24.f4 Be5d4
25.Nh4f3 Bg6d3
26.Nf3xd4 Bd3xf1
27.Bd1c2 b5
28.cxb5 Bf1xb5
{ resign }
0-1

[Event "Match"]
[Site "www.echecsemail.com"]
[Date "2015.07.20"]
[Round "1"]
[White "Nugun"]
[Black "Generalfree"]
[WhiteElo "1590"]
[BlackElo "1830"]
[Result "1-0"]
[Round "1"]
1.c4 d5
2.d3 c5
3.Nb1c3 d4
4.Nc3e4 b6
5.g3 f5
6.e3 fxe4
7.Bf1g2 Bc8b7
8.Bg2xe4 Bb7xe4
9.dxe4 e5
10.Ng1f3 Bf8d6
11.O-O Ng8f6
12.Nf3g5 h6
13.Ng5h3 g5
14.f4 g4
15.Nh3f2 h5
16.h4 gxh3
17.Nf2xh3 Nf6g4
18.fxe5 Bd6xe5
19.exd4 Be5xd4
20.Kg2 Qd8e7
21.Qd1f3 Nb8c6
22.Nh3f4 Nc6e5
23.Qf3b3 h4
24.Nf4d5 h3
25.Kh1 Qe7g7
26.Qb3b5 Kd8
27.Rf1f5 h2
28.Bc1g5 Kc8
29.Qb5a6 Kb8
30.Bg5e7 Qg7g6
31.Nd5f6 Ng4f2
32.Rf5xf2 Kc7
33.Nf6d5 Kc6
34.Rf2f6 Qg6xf6
35.Be7xf6 Rh8h3
36.Qa6b5 Kd6
37.Kg2 Rh3h7
38.Ra1d1 Ra8f8
39.Bf6e7 Ke6
40.Be7xf8 Ne5g4
41.Qb5e8 { resign }
1-0

[Event "Match"]
[Site "www.echecsemail.com"]
[Date "2015.07.20"]
[Round "1"]
[White "Azulmarino"]
[Black "Hansen"]
[WhiteElo "1570"]
[BlackElo "1440"]
[Result "0-1"]
[Round "1"]
1.e4 d5
2.d3 h6
3.Ng1f3 dxe4
4.dxe4 a6
5.Nb1c3 Ng8f6
6.Bf1c4 e6
7.O-O Bf8d6
8.Bc1e3 e5
9.Nc3d5 Nf6xe4
10.Qd1d3 f5
11.Ra1d1 Nb8c6
12.Nd5b4 Nc6xb4
13.Qd3b3 b5
14.Bc4f7 Kf8
15.Bf7g6 Qd8e7
16.a3 Bc8e6
17.Rd1d5 Be6xd5
18.c4 Bd5xc4
19.Qb3d1 Nb4d5
20.Bg6xf5 Ne4f6
21.Rf1e1 e4
22.Nf3h4 Kg8
23.Be3d4 Bd6e5
24.Nh4g6 Qe7d6
25.Ng6xe5 Nd5f4
26.g3 Nf4d3
27.Re1e3 Qd6xd4
28.Ne5xd3 exd3
29.Qd1d2 Kf7
30.Qd2c3 Qd4d5
31.Bf5e6 Qd5xe6
32.Re3xe6 Kxe6
33.Kf1 d2
34.Kg2 Nf6e4
35.Qc3f3 Bc4d5
36.Qf3d1 Ne4c3
{ resign }
0-1

[Event "Match"]
[Site "www.echecsemail.com"]
[Date "2015.07.20"]
[Round "1"]
[White "Eman85"]
[Black "Joseph1983"]
[WhiteElo "2220"]
[BlackElo "2220"]
[Result "1-0"]
[Round "1"]
1.e4 c5
2.Ng1f3 d6
3.Bf1b5 Nb8d7
4.O-O e6
5.d4 cxd4
6.Qd1xd4 Ng8f6
7.Nb1c3 Bf8e7
8.Bc1g5 O-O
9.Rf1d1 Qd8a5
10.e5 dxe5
11.Nf3xe5 Nd7xe5
12.Qd4xe5 a6
13.Nc3e4 Qa5xb5
14.Bg5xf6 gxf6
15.Ne4xf6 Be7xf6
16.Qe5xf6 Qb5f5
17.Qf6c3 f6
18.Rd1d3 Kh8
19.Ra1d1 e5
20.Qc3b4 Rf8g8
21.Rd3d8 Qf5e6
22.Rd8xg8 Kxg8
23.Rd1d8 Kg7
24.Qb4f8 Kg6
25.Qf8h8 Qe6e7
26.h4 Bc8e6
27.Rd8xa8 Be6f7
28.a3 e4
29.h5 Kh6
30.Qh8f8 { resign }
1-0

[Event "Match"]
[Site "www.echecsemail.com"]
[Date "2015.07.20"]
[Round "1"]
[White "F14"]
[Black "Azorau"]
[WhiteElo "1810"]
[BlackElo "1579"]
[Result "1-0"]
[Round "1"]
1.e4 e5
2.d4 Ng8f6
3.dxe5 Nf6xe4
4.Bf1c4 Qd8e7
5.Qd1d5 Ne4f6
6.Qd5d4 c5
7.Qd4c3 Nb8c6
8.Ng1f3 g6
9.O-O Nf6h5
10.Bc1g5 f6
11.exf6 Qe7d6
12.Nb1d2 b6
13.Rf1e1 Kd8
14.f7 Kc7
15.Ra1d1 a6
16.Qc3xh8 b5
17.Nd2e4 Bf8g7
18.Ne4xd6 Bc8b7
19.Qh8xh7 Nc6e5
20.Nd6e8 Kb6
21.Rd1d6 Bb7c6
22.Nf3xe5 bxc4
23.Ne8xg7 Kc7
24.Ne5xc4 Bc6b5
25.Ng7xh5 gxh5
26.Bg5f4 Bb5xc4
27.Re1e8 Ra8b8
28.Rd6d1 { resign }
1-0

[Event "Match"]
[Site "www.echecsemail.com"]
[Date "2015.07.20"]
[Round "1"]
[White "Azorau"]
[Black "Guidom"]
[WhiteElo "1579"]
[BlackElo "2060"]
[Result "0-1"]
[Round "1"]
1.e4 e5
2.Ng1f3 Nb8c6
3.Bf1c4 d6
4.d3 Bf8e7
5.c3 Ng8f6
6.Nf3g5 O-O
7.Qd1b3 d5
8.exd5 Nc6a5
9.Qb3a4 Na5xc4
10.Qa4xc4 Nf6xd5
11.Ng5f3 Nd5b6
12.Qc4e4 Be7f6
13.b3 c6
14.h4 g6
15.h5 Bc8f5
16.Qe4e3 Qd8xd3
17.hxg6 Bf5xg6
18.Qe3h6 Qd3e4
19.Bc1e3 Bf6g7
20.Qh6h3 Nb6d5
21.Nb1d2 Qe4d3
22.Nf3g5 Nd5xc3
23.Qh3f3 e4
24.Qf3g4 f5
{ resign }
0-1

[Event "Match"]
[Site "www.echecsemail.com"]
[Date "2015.07.20"]
[Round "1"]
[White "Vogue"]
[Black "Bbking"]
[WhiteElo "1399"]
[BlackElo "1480"]
[Result "1-0"]
[Round "1"]
1.c4 d5
2.d4 Ng8f6
3.cxd5 Qd8xd5
4.Nb1c3 Qd5c4
5.e3 Qc4e6
6.Ng1f3 Nb8c6
7.d5 Qe6f5
8.dxc6  { time }
1-0

[Event "Match"]
[Site "www.echecsemail.com"]
[Date "2015.07.20"]
[Round "1"]
[White "Fangshuo1"]
[Black "Orae"]
[WhiteElo "1499"]
[BlackElo "1969"]
[Result "1-0"]
[Round "1"]
1.e4 e5
2.Ng1f3 Nb8c6
3.Nb1c3 Bf8c5
4.d3 Ng8f6
5.Nf3xe5 Nc6xe5
6.Bf1e2 d6
7.d4 Ne5g6
8.dxc5 O-O
9.cxd6 cxd6
10.O-O Rf8e8
11.Bc1g5 h6
12.Bg5xf6 Qd8xf6
13.Nc3d5 Qf6d8
14.Be2d3 Bc8e6
15.Qd1d2 Be6xd5
16.exd5 Ng6e5
17.Bd3e2 a6
18.c4 Ra8c8
19.b3 Ne5d7
20.Be2g4 Rc8c7
21.f4 Rc7c5
22.Bg4xd7 Qd8xd7
23.Rf1f3 Qd7c7
24.f5 f6
25.Rf3g3 Kf7
26.Qd2f4 Qc7b6
27.Kh1 Qb6a5
28.Rg3e3 Qa5d8
29.Re3xe8 Qd8xe8
30.Qf4xd6 Rc5c8
31.Qd6e6 Kf8
32.Ra1e1 Qe8h5
33.Qe6d6 Kg8
34.Qd6e6 Kh7
35.Qe6xc8 Qh5h4
36.Re1g1 Qh4f2
37.d6 b5
38.d7 { resign }
1-0

[Event "Match"]
[Site "www.echecsemail.com"]
[Date "2015.07.20"]
[Round "1"]
[White "Orae"]
[Black "F14"]
[WhiteElo "1589"]
[BlackElo "1810"]
[Result "1-0"]
[Round "1"]
1.e4 e5
2.Ng1f3 Nb8c6
3.Bf1c4 Bf8e7
4.c3 Ng8f6
5.Nf3g5 O-O
6.Qd1b3 d5
7.Bc4b5 Nc6a5
8.Qb3c2 a6
9.Bb5e2 dxe4
10.Ng5xe4 b6
11.O-O c5
12.a3 Kh8
13.b4 cxb4
14.axb4 Na5b7
15.Rf1d1 Nb7d6
16.Ne4g3 Bc8e6
17.d4 exd4
18.Be2f3 Ra8c8
19.Rd1xd4 Qd8c7
20.Ra1xa6 Nd6b5
21.Rd4d3 Nb5d4
22.Rd3xd4 Be6c4
23.Rd4h4 g6
24.Bc1f4 Qc7d8
25.Ra6a1 b5
26.Bf4h6 Rf8e8
27.Rh4d4 Qd8b6
28.Nb1d2 Be7f8
29.Bh6e3 Qb6c7
30.Rd4h4 Rc8d8
31.Be3d4 { resign }
1-0

[Event "Match"]
[Site "www.echecsemail.com"]
[Date "2015.07.20"]
[Round "1"]
[White "Billyg"]
[Black "Orae"]
[WhiteElo "1620"]
[BlackElo "1589"]
[Result "0-1"]
[Round "1"]
1.e4 e5
2.Ng1f3 Nb8c6
3.d4 Bf8b4
4.c3 Bb4a5
5.b4 Ba5b6
6.Bf1b5 Nc6e7
7.dxe5 c6
8.Bb5a4 h6
9.O-O Qd8c7
10.Bc1f4 a5
11.b5 c5
12.g3 g5
13.Bf4e3 f6
14.Nb1a3 fxe5
15.Na3c4 Ng8f6
16.Nc4d6 Kf8
17.Nf3xe5 Kg7
18.Ne5c4 Kg6
19.Ba4c2 Kg7
20.f4 g4
21.Nd6f5 Ne7xf5
22.exf5 h5
23.Nc4e5 d6
24.Ne5c4 Rh8e8
25.Nc4xd6 Re8d8
26.Bc2b3 Rd8xd6
27.Qd1e2 Bc8xf5
28.Ra1d1 c4
29.Rd1xd6 Qc7xd6
30.Bb3xc4 Ra8e8
31.Rf1d1 Qd6c7
32.Be3xb6 Qc7xb6
33.Qe2f2 Qb6c7
34.Bc4d3 Bf5xd3
35.Rd1xd3 Nf6e4
36.Qf2d4 Ne4f6
37.Rd3e3 Re8d8
38.Qd4e5 Qc7b6
39.Qe5e7 Kg6
40.Kf1 Qb6xb5
41.Re3e2 Rd8e8
{ resign }
0-1

[Event "Match"]
[Site "www.echecsemail.com"]
[Date "2015.07.20"]
[Round "1"]
[White "Nugun"]
[Black "Orae"]
[WhiteElo "1650"]
[BlackElo "1589"]
[Result "0-1"]
[Round "1"]
1.c4 e5
2.Nb1c3 Bf8c5
3.e3 Ng8f6
4.Ng1f3 Nb8c6
5.d4 exd4
6.exd4 Qd8e7
7.Bc1e3 Bc5b4
8.a3 Bb4xc3
9.bxc3 Nf6e4
10.Qd1c2 Ne4g5
11.Nf3xg5 g6
12.Bf1d3 d6
13.O-O Bc8d7
14.d5 Nc6e5
15.Be3d4 Qe7xg5
16.Ra1e1 Bd7h3
17.Bd3e4 f5
18.Be4f3 O-O-O
19.Re1xe5 dxe5
20.Bd4xe5 Rh8e8
21.Rf1e1 f4
22.Qc2b1 Bh3xg2
23.h4 Qg5xh4
24.Kxg2 Qh4g5
25.Kf1 Re8xe5
26.d6 Re5xe1
27.Qb1xe1 Rd8xd6
28.Qe1e8 Rd6d8
29.Qe8e6 Kb8
30.Qe6e4 c6
31.c5 Qg5h4
32.Qe4e5 Ka8
33.Qe5c7 a5
34.Bf3xc6 bxc6
35.Qc7xc6 Kb8
36.Qc6b6 Kc8
37.c6 Qh4h1
38.Ke2 Qh1d1

0-1

[Event "Match"]
[Site "www.echecsemail.com"]
[Date "2015.07.20"]
[Round "1"]
[White "Coraza"]
[Black "Chessexpert"]
[WhiteElo "1649"]
[BlackElo "1580"]
[Result "1-0"]
[Round "1"]
1.e4 d6
2.Ng1f3 g6
3.Bf1c4 Bf8g7
4.Nf3g5 e6
5.d3 Ng8f6
6.O-O O-O
7.Rf1e1 Nb8c6
8.c3 Nc6e5
9.Bc1f4 Ne5xc4
10.dxc4 h6
11.Ng5f3 Qd8e7
12.Nb1a3 Bc8d7
{ time. }
1-0

[Event "Match"]
[Site "www.echecsemail.com"]
[Date "2015.07.20"]
[Round "1"]
[White "Ppawn"]
[Black "Emmanuelasi"]
[WhiteElo "2060"]
[BlackElo "2150"]
[Result "0-1"]
[Round "1"]
1.Ng1f3 Nb8c6
2.d4 d6
3.Bc1f4 Ng8f6
4.h3 g6
5.e3 Bf8g7
6.Bf1e2 O-O
7.c3 h6
8.O-O Rf8e8
9.a4 a5
10.Nb1d2 e5
11.dxe5 dxe5
12.Bf4h2 Bc8f5
13.Nd2c4 Nf6d7
14.Nc4a3 Qd8e7
15.Nf3d2 Ra8d8
16.e4 Bf5e6
17.Be2c4 Nd7c5
18.Qd1c2 Rd8d7
19.b4 axb4
20.Bc4xe6 Nc5xe6
21.Na3b5 bxc3
22.Qc2xc3 Ne6d4
23.Qc3c4 Qe7g5
24.Nd2b3 Re8d8
25.Nb3c5 Nd4f3
26.Kh1 Nf3d2
27.Qc4c1 Nd2xf1
28.Qc1xg5 hxg5
29.Nc5xd7 Nf1d2
30.Nd7c5 b6
31.Nc5b7 Rd8b8
32.Ra1c1 Rb8xb7
33.Rc1xc6 Nd2xe4
34.f3 Ne4c5
35.a5 Nc5a6
36.axb6 Rb7xb6
37.Rc6xb6 cxb6
38.Bh2g1 Na6c5
39.Bg1e3 Bg7f6
40.Kg1 Bf6d8
41.Kf1 Kf8
42.g4 Nc5e6
43.Ke2 Ke7
44.Kd3 Kd7
45.Kc4 f6
46.Nb5a7 Bd8c7
47.Kd5 Bc7d8
48.Na7b5 { time. }
0-1

[Event "Match"]
[Site "www.echecsemail.com"]
[Date "2015.07.20"]
[Round "1"]
[White "Gatoss"]
[Black "Oxycontin"]
[WhiteElo "1910"]
[BlackElo "2100"]
[Result "0-1"]
[Round "1"]
1.d4 d5
2.c4 e6
3.Ng1f3 c5
4.e3 Nb8c6
5.Nb1c3 Ng8f6
6.Bf1d3 cxd4
7.exd4 Bf8b4
8.Bc1d2 O-O
9.O-O dxc4
10.Bd3xc4 Nc6xd4
11.Nf3xd4 Qd8xd4
12.Bc4b3 Bc8d7
13.a3 Bb4a5
14.Qd1c2 Ra8c8
15.Ra1d1 Bd7c6
16.Bd2e3 Qd4g4
17.h3 Qg4xg2

0-1

[Event "Match"]
[Site "www.echecsemail.com"]
[Date "2015.07.20"]
[Round "1"]
[White "Hrob71"]
[Black "Oxycontin"]
[WhiteElo "2080"]
[BlackElo "2100"]
[Result "1-0"]
[Round "1"]
1.e4 Ng8f6
2.e5 Nf6d5
3.d4 d6
4.c4 Nd5b6
5.Ng1f3 dxe5
6.Nf3xe5 Nb8c6
7.c5 Nc6xe5
8.cxb6 Ne5g6
9.bxc7 Qd8xc7
10.Nb1c3 a6
11.Bf1e2 e6
12.O-O Bf8e7
13.Be2f3 O-O
14.Bc1e3 Bc8d7
15.Ra1c1 Qc7d8
16.Bf3xb7 Ra8b8
17.Bb7xa6 Rb8xb2
18.Ba6c4 Rb2b8
19.a4 Be7b4
20.Nc3b5 Qd8a5
21.Qd1b3 Ng6e7
22.Rc1b1 Ne7c6
23.d5 exd5
24.Bc4xd5 Bb4e7
25.Qb3d1 Rb8d8
26.Qd1f3 Nc6e5
27.Qf3g3 Be7f6
28.Bd5b3 Kh8
29.Be3f4  { time }
1-0

[Event "Match"]
[Site "www.echecsemail.com"]
[Date "2015.07.20"]
[Round "1"]
[White "Aperturaf"]
[Black "Nimzo"]
[WhiteElo "2450"]
[BlackElo "2710"]
[Result "1-0"]
[Round "1"]
1.e4 e6
2.d4 d5
3.Bf1d3 dxe4
4.Bd3xe4 Ng8f6
5.Be4f3 c5
6.Ng1e2 Bf8e7
7.O-O O-O
8.Bc1e3 cxd4
9.Ne2xd4 e5
10.Nd4b5 Nb8c6
11.Qd1xd8 Rf8xd8
12.Nb1c3 Bc8g4
13.Bf3xc6 bxc6
14.Nb5xa7 Bg4d7
15.Rf1d1 Kf8
16.a4 Rd8b8
17.Rd1xd7 Nf6xd7
18.b3 Be7c5
19.Be3xc5 Nd7xc5
20.Na7xc6 Nc5xb3
21.cxb3 Rb8c8
22.Nc6xe5 Rc8xc3
23.Ra1b1 Ra8a7
24.h3 Ra7b7
25.b4 f6
26.Ne5g4 Rc3c4
27.b5  { time }
1-0

[Event "Match"]
[Site "www.echecsemail.com"]
[Date "2015.07.20"]
[Round "1"]
[White "Generalfree"]
[Black "F14"]
[WhiteElo "1730"]
[BlackElo "1800"]
[Result "1-0"]
[Round "1"]
1.d4 Ng8f6
2.Ng1f3 g6
3.c4 d5
4.c5 Bf8g7
5.e3 O-O
6.Nb1c3 b6
7.b4 c6
8.a4 Nb8d7
9.Bc1a3 Qd8c7
10.b5 bxc5
11.bxc6 Qc7xc6
12.Bf1b5 Qc6d6
13.dxc5 Nd7xc5
14.e4 d4
15.Nf3xd4 Nf6xe4
16.Nc3xe4 Nc5xe4
17.Ba3xd6 Ne4xd6
18.Ra1c1 a6
19.Bb5c6 Bc8b7
20.Bc6xb7 Ra8b8
21.Bb7xa6 Rb8a8
22.Ba6b5 Bg7xd4
23.Bb5c6 Bd4b2
24.Rc1c2 Ra8c8
25.O-O Rf8d8
26.Qd1f3 Bb2f6
27.Rf1c1 Rc8c7
28.g4 Rc7a7
29.Qf3d5 Nd6b7
30.Qd5b5 Nb7d6
31.Qb5b6 Ra7d7
32.Bc6xd7 Rd8xd7
33.Rc2c7  { time }
1-0

[Event "Match"]
[Site "www.echecsemail.com"]
[Date "2015.07.20"]
[Round "1"]
[White "Chessexpert"]
[Black "Derik"]
[WhiteElo "1580"]
[BlackElo "1450"]
[Result "0-1"]
[Round "1"]
1.c4 e6
2.d4 d5
3.Nb1c3 Ng8f6
4.cxd5 exd5
5.Bc1g5 g6
6.e3 Bf8g7
7.Ng1f3 O-O
8.Bf1e2 b6
9.O-O { time. }
0-1

[Event "Match"]
[Site "www.echecsemail.com"]
[Date "2015.07.20"]
[Round "1"]
[White "Paco"]
[Black "Chtoubidou"]
[WhiteElo "1850"]
[BlackElo "1880"]
[Result "0-1"]
[Round "1"]
1.e4 d5
2.e5 c5
3.d4 c4
4.Nb1c3 Bc8f5
5.Qd1f3 e6
6.Qf3e2 Bf8b4
7.a3 Bb4xc3
8.bxc3 Ng8e7
9.Ng1f3 O-O
10.h4 Bf5g4
11.h5 h6
12.Qe2e3 Ne7f5
13.Qe3f4 Bg4xf3
14.Qf4xf3 f6
15.g4 Nf5e7
16.Qf3g3 fxe5
17.g5 Ne7f5
18.Qg3xe5 Qd8d6
19.gxh6 Qd6xe5
20.dxe5 Nf5xh6
21.Rh1g1 Kh8
22.Rg1g6 Nh6f5
23.Rg6xe6 Nb8c6
24.h6 gxh6
25.Bf1h3 Nc6d8
26.Re6f6 Rf8xf6
27.exf6 Nf5h4
28.Bc1xh6 Nd8f7
29.Bh6g7 Kg8
30.Bh3e6 Ra8e8
31.Kd2 Re8xe6
32.Ra1h1 Nh4g6
33.f4 Ng6xf4
34.Rh1g1 Nf4h5
35.Bg7h6 Kh7
36.Bh6g5 Nf7xg5
37.Rg1xg5 Nh5xf6
{ resign }
0-1

[Event "Match"]
[Site "www.echecsemail.com"]
[Date "2015.07.20"]
[Round "1"]
[White "Vogue"]
[Black "Acucar1"]
[WhiteElo "1399"]
[BlackElo "1370"]
[Result "1-0"]
[Round "1"]
1.c4 e6
2.g3 c5
3.Bf1g2 Nb8c6
4.Ng1f3 d5
5.O-O Ng8f6
6.d4 dxc4
7.dxc5 Nf6d5
8.Nb1a3 Bf8xc5
9.Na3xc4 f6
10.e4 Nd5c7
11.Qd1xd8 Kxd8
12.e5 f5
13.a3 b6
14.b4 Bc5d4
15.Rf1d1 Ke7
16.Bc1g5 Kf7
17.Nc4d6 Kf8
18.Nf3xd4 Bc8d7
19.Nd4xc6 Bd7xc6
20.Bg2xc6 Ra8b8
21.Ra1c1 { resign }
1-0

[Event "Match"]
[Site "www.echecsemail.com"]
[Date "2015.07.20"]
[Round "1"]
[White "Ztornad"]
[Black "Irene"]
[WhiteElo "1800"]
[BlackElo "1980"]
[Result "0-1"]
[Round "1"]
1.e3 d5
2.Bf1b5 c6
3.Bb5d3 Ng8f6
4.h3 e6
5.Ng1f3 Bf8d6
6.b3 O-O
7.Bc1b2 Nb8d7
8.c4 dxc4
9.Bd3xc4 b5
10.Bc4d3 Bd6b4
11.Nf3e5 Nd7xe5
12.Bb2xe5 Qd8xd3
13.Be5xf6 gxf6
14.f4 Bc8b7
15.Qd1g4 Qd3g6
16.a3 Bb4d6
17.O-O Kh8
18.Qg4e2 f5
19.Nb1c3 { time. }
0-1

[Event "Match"]
[Site "www.echecsemail.com"]
[Date "2015.07.20"]
[Round "1"]
[White "Stevep84"]
[Black "Ztornad"]
[WhiteElo "2130"]
[BlackElo "1800"]
[Result "1-0"]
[Round "1"]
1.e4 e5
2.Ng1f3 f6
3.d4 Nb8c6
4.Bf1b5 a6
5.Bb5xc6 bxc6
6.O-O Bc8b7
7.dxe5 f5
8.exf5 d5
9.Nf3g5 Qd8d7
10.Qd1h5 g6
11.fxg6 Bf8g7
12.gxh7 Kf8
13.hxg8Q Kxg8
14.Qh5f3 Ra8f8
15.Qf3g3 Qd7f5
16.Nb1c3 Bb7c8
17.e6 Rf8e8
18.Qg3xc7 Bc8xe6
19.Ng5xe6 Re8xe6
20.Qc7d8 Kh7
21.Qd8d7 Qf5f6
22.Bc1d2 Re6d6
23.Qd7g4 Kg8
24.Rf1e1 Kf7
25.Re1e3 Rh8h4
26.Qg4c8 Rd6d8
27.Qc8xa6 Kg8
{ time. }
1-0

[Event "Match"]
[Site "www.echecsemail.com"]
[Date "2015.07.20"]
[Round "1"]
[White "Truquine"]
[Black "Jose"]
[WhiteElo "1879"]
[BlackElo "2680"]
[Result "0-1"]
[Round "1"]
1.e4 d6
2.d4 Ng8f6
3.Nb1c3 Nb8d7
4.Ng1f3 e5
5.Bf1c4 Bf8e7
6.O-O c6
7.a4 O-O
8.a5 Qd8c7
9.Rf1e1 Ra8b8
10.Qd1e2 b5
11.axb6 axb6
12.b4 b5
13.Bc4b3 Nd7b6
14.h3 Bc8e6
15.Bc1e3 h6
16.Re1d1 Nb6c4
17.Ra1a2 Rb8a8
18.Rd1a1 Ra8xa2
19.Ra1xa2 Qc7b8
20.Nf3d2 { time. }
0-1

[Event "Match"]
[Site "www.echecsemail.com"]
[Date "2015.07.20"]
[Round "1"]
[White "Gorski"]
[Black "Carazo"]
[WhiteElo "1210"]
[BlackElo "1599"]
[Result "0-1"]
[Round "1"]
1.e4 e5
2.Bf1c4 Ng8f6
3.Nb1c3 g6
4.Ng1f3 Nf6g4
5.d3 Bf8c5
6.Bc1e3 Ng4xe3
7.Qd1e2 Ne3g4
8.Bc4xf7 Kxf7
9.Nf3xe5 Ng4xe5
10.f4 { time. }
0-1

[Event "Match"]
[Site "www.echecsemail.com"]
[Date "2015.07.20"]
[Round "1"]
[White "Levelibeka"]
[Black "Wwgia"]
[WhiteElo "2570"]
[BlackElo "2040"]
[Result "0-1"]
[Round "1"]
1.e4 c5
2.d4 cxd4
3.c3 d3
4.Bf1xd3 g6
5.Ng1f3 Bf8g7
6.Nb1d2 d6
7.O-O Ng8f6
8.e5 dxe5
9.Nf3xe5 O-O
10.Qd1e2 Nb8c6
11.Ne5xc6 bxc6
12.Nd2b3 Bc8g4
13.f3 Bg4e6
 { time }
0-1

[Event "Match"]
[Site "www.echecsemail.com"]
[Date "2015.07.20"]
[Round "1"]
[White "Pgcbies"]
[Black "Joseph1983"]
[WhiteElo "2680"]
[BlackElo "2220"]
[Result "1-0"]
[Round "1"]
1.e4 c5
2.Ng1f3 d6
3.d4 cxd4
4.Nf3xd4 Ng8f6
5.Nb1c3 a6
6.Bc1g5 e6
7.f4 Bf8e7
8.Qd1f3 Qd8c7
9.Bf1d3 Nb8d7
10.O-O-O O-O
11.Rh1e1 b5
12.e5 Bc8b7
13.Qf3h3 dxe5
14.Bg5xf6 { resign }
1-0

[Event "Match"]
[Site "www.echecsemail.com"]
[Date "2015.07.20"]
[Round "1"]
[White "Paes19"]
[Black "Sorren"]
[WhiteElo "2040"]
[BlackElo "1840"]
[Result "1-0"]
[Round "1"]
1.e4 e5
2.Ng1f3 Nb8c6
3.d4 exd4
4.Nf3xd4 Qd8f6
5.Nd4xc6 dxc6
6.c3 Bc8d7
7.Bf1e2 O-O-O
8.O-O Qf6g6
9.Be2h5 Qg6xe4
10.Rf1e1 Qe4f5
11.Qd1f3 Qf5xf3
12.Bh5xf3 Ng8f6
13.h3 Bf8c5
14.Bc1e3 Rh8e8
15.Nb1d2 Bc5xe3
16.Re1xe3 Re8xe3
17.fxe3 Bd7xh3
18.gxh3 Rd8xd2
19.b3 Rd2d3
20.Bf3g4 Nf6xg4
21.hxg4  { time }
1-0

[Event "Match"]
[Site "www.echecsemail.com"]
[Date "2015.07.20"]
[Round "1"]
[White "Ostapbender"]
[Black "Levelibeka"]
[WhiteElo "2710"]
[BlackElo "2570"]
[Result "1-0"]
[Round "1"]
1.e4 c5
2.Ng1f3 d6
3.Bf1b5 Bc8d7
4.Bb5xd7 Nb8xd7
5.O-O Ng8f6
6.Qd1e2 e5
7.c3 Bf8e7
8.d4 cxd4
9.cxd4 O-O
10.Nb1c3 a6
11.Rf1d1 Qd8b8
12.Bc1g5 Rf8e8
13.a4 exd4
14.Nf3xd4 g6
15.Nd4c2 Qb8d8
16.Bg5h6 Ra8c8
17.Nc2e3 Qd8b6
18.Nc3d5 Nf6xd5
19.Ne3xd5 Qb6d8
20.Qe2d2 Nd7c5
21.Ra1c1 Be7f6
22.f3 Rc8c6
23.Rc1c4 Bf6e5
24.Bh6g5 Qd8c8
25.f4 Be5g7
26.Nd5e7 Re8xe7
27.Bg5xe7 Qc8e8
28.Be7h4 Nc5xe4
29.Qd2d5 Rc6xc4
30.Qd5xc4 Qe8c6
31.Qc4xc6  { time }
1-0

[Event "Match"]
[Site "www.echecsemail.com"]
[Date "2015.07.20"]
[Round "1"]
[White "Norwich"]
[Black "Harrytheking"]
[WhiteElo "1720"]
[BlackElo "1770"]
[Result "0-1"]
[Round "1"]
1.c4 e5
2.Nb1c3 c6
3.d4 exd4
4.Qd1xd4 Ng8f6
5.e4 c5
6.Qd4d1 Nb8c6
7.Ng1f3 d6
8.Bf1e2 h6
 { time }
0-1

[Event "Match"]
[Site "www.echecsemail.com"]
[Date "2015.07.20"]
[Round "1"]
[White "Guidom"]
[Black "Harrytheking"]
[WhiteElo "2070"]
[BlackElo "1770"]
[Result "1-0"]
[Round "1"]
1.e4 b6
2.d4 Bc8a6
3.Bf1xa6 Nb8xa6
4.Ng1f3 d6
5.O-O h6
6.Rf1e1 e6
7.c4 c6
8.Nb1c3 Ng8e7
9.d5 exd5
10.exd5 c5
11.Bc1f4 Na6c7
12.Nc3e4 Qd8d7
13.Ne4xd6 Kd8
14.Nd6xf7 Kc8
15.Nf7xh8 Ne7f5
16.Nh8g6 Bf8d6
17.Bf4xd6 Nf5xd6
18.Nf3e5 Qd7e8
19.Ng6f4 Qe8h8
20.Ne5c6 Nd6xc4
21.Qd1c2 Nc4d6
22.Re1e7 g5
23.Re7xc7 Kxc7
24.Nf4e6 Kd7
25.Qc2a4 Qh8xb2
26.Nc6e5 Ke7
27.Qa4d7 Kf6
28.Ne5g4 Kf5
29.Ng4e3 Ke4
30.Ra1e1 Qb2d2
31.Qd7h7 Nd6f5
32.Qh7xf5 
1-0

[Event "Match"]
[Site "www.echecsemail.com"]
[Date "2015.07.20"]
[Round "1"]
[White "Hundegana"]
[Black "Harrytheking"]
[WhiteElo "1950"]
[BlackElo "1770"]
[Result "1-0"]
[Round "1"]
1.e4 b6
2.d4 Bc8a6
3.Bf1xa6 Nb8xa6
4.Qd1e2 Qd8c8
5.a3 c6
6.Nb1c3 Na6c7
7.Ng1f3 h6
8.O-O e6
9.e5 Ng8e7
10.g4 Ne7g6
11.Nc3e4 Bf8e7
12.c3 Nc7d5
13.Bc1d2 Ng6f4
14.Bd2xf4 Nd5xf4
15.Qe2d2 Nf4h3
16.Kg2 Nh3g5
17.Ne4xg5 hxg5
18.Rf1h1 Qc8c7
19.b4 a5
20.Nf3xg5 Be7xg5
21.Qd2xg5 g6
22.h4 d6
23.f4 dxe5
24.fxe5 Ra8d8
25.h5 gxh5
26.Rh1xh5 Rh8f8
27.Ra1h1 c5
28.Rh5h8 Kd7
29.Rh8xf8 Rd8xf8
30.dxc5 bxc5
31.Rh1d1 Kc6
32.Rd1d6 Kb7
33.b5 c4
34.b6 f6
35.Qg5h6 Rf8g8
36.bxc7 Rg8xg4
37.Kf3 Rg4g1
38.Qh6h7 { resign }
1-0

[Event "Match"]
[Site "www.echecsemail.com"]
[Date "2015.07.20"]
[Round "1"]
[White "Generalfree"]
[Black "Gambitmiau"]
[WhiteElo "1800"]
[BlackElo "1830"]
[Result "0-1"]
[Round "1"]
1.e4 e5
2.Ng1f3 d6
3.Bf1c4 Bc8g4
4.h3 Bg4h5
5.g4 Bh5g6
6.d3 h6
7.Nb1c3 Ng8f6
8.Bc1e3 Nb8c6
9.a3 Qd8e7
10.b4 a6
11.Ra1b1 Nf6h7
12.a4 Nh7f6
13.b5 Nc6a5
14.Bc4a2 Nf6d7
15.Nc3d5 Qe7d8
16.c4 c6
17.Nd5c3 axb5
18.axb5 c5
19.h4 b6
20.h5 Bg6h7
21.g5 g6
22.gxh6 gxh5
23.Rh1xh5 Bh7g6
24.Rh5h3 f5
25.Be3g5 Bf8e7
26.Bg5xe7 Qd8xe7
27.Nc3d5 Qe7d8
28.exf5 Bg6xf5
29.Rh3h5 Bf5g4
30.Rh5h2 Nd7f6
31.Nd5xf6 Qd8xf6
32.Rb1b2 Bg4xf3
33.Qd1d2 Qf6g6
{ resign }
0-1

[Event "Match"]
[Site "www.echecsemail.com"]
[Date "2015.07.20"]
[Round "1"]
[White "Wwgia"]
[Black "Razorboy"]
[WhiteElo "2010"]
[BlackElo "1890"]
[Result "1-0"]
[Round "1"]
1.d4 Ng8f6
2.c4 d5
3.cxd5 Nf6xd5
4.e4 Nd5f6
5.e5 Nf6d5
6.Nb1c3 e6
7.Bf1d3 Bf8b4
8.Ng1e2 Bb4xc3
9.bxc3 Nb8c6
10.O-O f5
11.exf6 gxf6
12.Ne2g3 Nd5xc3
13.Qd1h5 Kd7
14.Rf1e1 e5
15.dxe5 fxe5
16.Bc1b2 Nc3d5
17.Ra1d1 Qd8e8
18.Bd3f5 Ke7
19.Bb2a3 Kd8
20.Rd1xd5 Bc8d7
21.Qh5h4 Nc6e7
22.Re1d1 Qe8f8
23.Rd5xd7 Ke8
24.Qh4h5 Qf8f7
25.Rd7xe7 { resign }
1-0